Dilucidaciones: modernidad y arquitectura
Bewaard in:
| Hoofdauteur: | |
|---|---|
| Formaat: | Boek |
| Taal: | Spaans |
| Gepubliceerd in: |
Barcelona
Paidos
1990
|
| Reeks: | Paidos Estética, 20
|
| Onderwerpen: | |
| Tags: |
Voeg label toe
Geen labels, Wees de eerste die dit record labelt!
|
MARC
| LEADER | 00000nam a2200000 a 4500 | ||
|---|---|---|---|
| 001 | UCV9792 | ||
| 003 | CL-VaPUC | ||
| 008 | 930511e19900000SP |||||||||||||||||spa|d | ||
| 082 | 0 | 4 | |a 701.1 |b DAL |2 21 |
| 100 | 0 | |a Dal Co, Francesco |e author |9 303804 | |
| 245 | 1 | 0 | |a Dilucidaciones: modernidad y arquitectura |
| 300 | |a 270 p | ||
| 942 | |c BK | ||
| 945 | |d 19930511 00:00:00 | ||
| 260 | |a Barcelona |b Paidos |c 1990 | ||
| 650 | 0 | |a Estética |9 264950 | |
| 583 | |a last modification |c 19930511 00:00:00 |k Rodrigo Vera | ||
| 490 | 0 | |a Paidos Estética, 20 | |
| 999 | |c 215086 |d 215084 | ||
| 952 | |0 0 |1 0 |4 0 |6 701_100000000000000_DAL_1990 |7 0 |8 P |9 199047 |a BIBARQ |b BIBARQ |d 2019-11-14 |i 2663759 |o 701.1 DAL 1990 |p 2663759 |r 2025-01-20 |w 2019-11-14 |y BK |k ARQ | ||